The volcano : (Record no. 87783)
[ view plain ]
| 000 -LEADER | |
|---|---|
| fixed length control field | 00811cam a2200229 a 4500 |
| 001 - CONTROL NUMBER | |
| control field | sa 68017538 |
| 003 - CONTROL NUMBER IDENTIFIER | |
| control field | DLC |
| 005 - DATE AND TIME OF LATEST TRANSACTION | |
| control field | 20260227112703.0 |
| 008 - FIXED-LENGTH DATA ELEMENTS--GENERAL INFORMATION | |
| fixed length control field | 710324s1967 ii a b 000 0 eng |
| 010 ## - LIBRARY OF CONGRESS CONTROL NUMBER | |
| LC control number | sa 68017538 |
| 025 ## - OVERSEAS ACQUISITION NUMBER | |
| Overseas acquisition number | PL480:I-E-10133 |
| 040 ## - CATALOGING SOURCE | |
| Original cataloging agency | DLC |
| Transcribing agency | DLC |
| Modifying agency | DLC |
| 050 00 - LIBRARY OF CONGRESS CALL NUMBER | |
| Classification number | PK1727.A38 |
| Item number | A73 1967 |
| 100 1# - MAIN ENTRY--PERSONAL NAME | |
| Personal name | Anand, Mulk Raj, |
| Dates associated with a name | 1905-2004. |
| 245 14 - TITLE STATEMENT | |
| Title | The volcano : |
| Remainder of title | some comments on the development of Rabindranath Tagore's aesthetic theories and art practice / |
| Statement of responsibility, etc. | Mulk Raj Anand. |
| 250 ## - EDITION STATEMENT | |
| Edition statement | 1st ed. |
| 260 ## - PUBLICATION, DISTRIBUTION, ETC. | |
| Place of publication, distribution, etc. | Baroda : |
| Name of publisher, distributor, etc. | Oriental Institute, |
| Date of publication, distribution, etc. | 1967. |
| 300 ## - PHYSICAL DESCRIPTION | |
| Extent | 27 p., [10] p. of plates : |
| Other physical details | ill. ; |
| Dimensions | 25 cm. |
| 440 #4 - SERIES STATEMENT/ADDED ENTRY--TITLE | |
| Title | The Maharaja Sayajirao memorial lectures |
| 504 ## - BIBLIOGRAPHY, ETC. NOTE | |
| Bibliography, etc. note | Includes bibliographical references (p. 27). |
| 600 10 - SUBJECT ADDED ENTRY--PERSONAL NAME | |
| Personal name | Tagore, Rabindranath, |
| Dates associated with a name | 1861-1941 |
| General subdivision | Aesthetics. |
No items available.